00832nam a2200229 a 450000100100000000500170001000800410002702000150006804000250008308200190010810000430012724500400017026000480021030000200025850000710027865000350034965000380038491000370042204900090045995201170046899900170058500001272820200929163048.0091116s2002 pr 000 j spa d a1881715493 aDO-SdBNPbspacBNPHU aPR863.44bQ79b1 aQuiñones, Juan Carlos,d1972-92949410aBrevario /cJuan Carlos Quiñones. aSan Juan, Puerto Rico :bIsla Negra,c2002. a91 p. ;c22 cm. aIncluye datos biográficos del autor en la solapa de la cubierta. 4aCuentos puertorriqueños9249 4aLiteratura puetorriqueña929495 aValidado. Control de calidad MFF aBNGR 001050718MOaPDbPDcHDd2009-11-16iLF1l0oPR863.44 Q79bp12728-10r2020-06-25w2020-06-25y1ZNo se presta c12379d12379